<?xml version="1.0" encoding="UTF-8"?>
<record
    xmlns:xsi="http://www.w3.org/2001/XMLSchema-instance"
    xsi:schemaLocation="http://www.loc.gov/MARC21/slim http://www.loc.gov/standards/marcxml/schema/MARC21slim.xsd"
    xmlns="http://www.loc.gov/MARC21/slim">

  <leader>     nam a22     7a 4500</leader>
  <datafield tag="999" ind1=" " ind2=" ">
    <subfield code="c">44715</subfield>
    <subfield code="d">44715</subfield>
  </datafield>
  <controlfield tag="003">OSt</controlfield>
  <controlfield tag="005">20190215153956.0</controlfield>
  <controlfield tag="008">190215b        xxu||||| |||| 00| 0 eng d</controlfield>
  <datafield tag="040" ind1=" " ind2=" ">
    <subfield code="c">sero soft</subfield>
  </datafield>
  <datafield tag="100" ind1=" " ind2=" ">
    <subfield code="a">TRIPATHI,DR.S.C</subfield>
  </datafield>
  <datafield tag="245" ind1=" " ind2=" ">
    <subfield code="a">ARBITRATION &amp; CONCILIATION ACT 1996</subfield>
  </datafield>
  <datafield tag="260" ind1=" " ind2=" ">
    <subfield code="a">ALLAHABAD</subfield>
    <subfield code="b">CENTRAL LAW PUB</subfield>
  </datafield>
  <datafield tag="300" ind1=" " ind2=" ">
    <subfield code="a">532</subfield>
  </datafield>
  <datafield tag="942" ind1=" " ind2=" ">
    <subfield code="2">ddc</subfield>
    <subfield code="c">02</subfield>
  </datafield>
  <datafield tag="952" ind1=" " ind2=" ">
    <subfield code="0">0</subfield>
    <subfield code="1">0</subfield>
    <subfield code="2">ddc</subfield>
    <subfield code="4">0</subfield>
    <subfield code="7">0</subfield>
    <subfield code="a">04</subfield>
    <subfield code="b">04</subfield>
    <subfield code="d">2019-02-15</subfield>
    <subfield code="e">Western Law House Meerut</subfield>
    <subfield code="g">390.00</subfield>
    <subfield code="i">00002178/18-8/02/2019</subfield>
    <subfield code="l">5</subfield>
    <subfield code="p">04-B-6748</subfield>
    <subfield code="r">2024-06-25</subfield>
    <subfield code="s">2024-02-28</subfield>
    <subfield code="w">2019-02-15</subfield>
    <subfield code="y">02</subfield>
  </datafield>
  <datafield tag="952" ind1=" " ind2=" ">
    <subfield code="0">0</subfield>
    <subfield code="1">0</subfield>
    <subfield code="2">ddc</subfield>
    <subfield code="4">0</subfield>
    <subfield code="7">0</subfield>
    <subfield code="a">04</subfield>
    <subfield code="b">04</subfield>
    <subfield code="d">2019-02-15</subfield>
    <subfield code="e">Western Law House Meerut</subfield>
    <subfield code="g">390.00</subfield>
    <subfield code="i">00002178/18-8/02/2019</subfield>
    <subfield code="l">3</subfield>
    <subfield code="p">04-B-6749</subfield>
    <subfield code="r">2023-06-24</subfield>
    <subfield code="s">2023-03-03</subfield>
    <subfield code="w">2019-02-15</subfield>
    <subfield code="y">02</subfield>
  </datafield>
  <datafield tag="952" ind1=" " ind2=" ">
    <subfield code="0">0</subfield>
    <subfield code="1">0</subfield>
    <subfield code="2">ddc</subfield>
    <subfield code="4">0</subfield>
    <subfield code="7">0</subfield>
    <subfield code="a">04</subfield>
    <subfield code="b">04</subfield>
    <subfield code="d">2019-02-15</subfield>
    <subfield code="e">Western Law House Meerut</subfield>
    <subfield code="g">390.00</subfield>
    <subfield code="i">00002178/18-8/02/2019</subfield>
    <subfield code="l">7</subfield>
    <subfield code="p">04-B-6750</subfield>
    <subfield code="r">2023-06-30</subfield>
    <subfield code="s">2023-05-02</subfield>
    <subfield code="w">2019-02-15</subfield>
    <subfield code="y">02</subfield>
  </datafield>
  <datafield tag="952" ind1=" " ind2=" ">
    <subfield code="0">0</subfield>
    <subfield code="1">0</subfield>
    <subfield code="2">ddc</subfield>
    <subfield code="4">0</subfield>
    <subfield code="7">0</subfield>
    <subfield code="a">04</subfield>
    <subfield code="b">04</subfield>
    <subfield code="d">2019-02-15</subfield>
    <subfield code="e">Western Law House Meerut</subfield>
    <subfield code="g">390.00</subfield>
    <subfield code="i">00002178/18-8/02/2019</subfield>
    <subfield code="l">5</subfield>
    <subfield code="p">04-B-6751</subfield>
    <subfield code="q">2026-07-31</subfield>
    <subfield code="r">2026-03-18</subfield>
    <subfield code="s">2026-03-18</subfield>
    <subfield code="w">2019-02-15</subfield>
    <subfield code="y">02</subfield>
  </datafield>
  <datafield tag="952" ind1=" " ind2=" ">
    <subfield code="0">0</subfield>
    <subfield code="1">0</subfield>
    <subfield code="2">ddc</subfield>
    <subfield code="4">0</subfield>
    <subfield code="7">0</subfield>
    <subfield code="a">04</subfield>
    <subfield code="b">04</subfield>
    <subfield code="d">2019-02-15</subfield>
    <subfield code="e">Western Law House Meerut</subfield>
    <subfield code="g">390.00</subfield>
    <subfield code="i">00002178/18-8/02/2019</subfield>
    <subfield code="l">6</subfield>
    <subfield code="p">04-B-6752</subfield>
    <subfield code="r">2024-07-01</subfield>
    <subfield code="s">2024-02-28</subfield>
    <subfield code="w">2019-02-15</subfield>
    <subfield code="y">02</subfield>
  </datafield>
  <datafield tag="952" ind1=" " ind2=" ">
    <subfield code="0">0</subfield>
    <subfield code="1">0</subfield>
    <subfield code="2">ddc</subfield>
    <subfield code="4">0</subfield>
    <subfield code="7">0</subfield>
    <subfield code="a">04</subfield>
    <subfield code="b">04</subfield>
    <subfield code="d">2019-02-15</subfield>
    <subfield code="e">Western Law House Meerut</subfield>
    <subfield code="g">390.00</subfield>
    <subfield code="i">00002178/18-8/02/2019</subfield>
    <subfield code="l">1</subfield>
    <subfield code="p">04-B-6753</subfield>
    <subfield code="r">2021-09-03</subfield>
    <subfield code="s">2021-01-29</subfield>
    <subfield code="w">2019-02-15</subfield>
    <subfield code="y">02</subfield>
  </datafield>
  <datafield tag="952" ind1=" " ind2=" ">
    <subfield code="0">0</subfield>
    <subfield code="1">0</subfield>
    <subfield code="2">ddc</subfield>
    <subfield code="4">0</subfield>
    <subfield code="7">0</subfield>
    <subfield code="a">04</subfield>
    <subfield code="b">04</subfield>
    <subfield code="d">2019-02-15</subfield>
    <subfield code="e">Western Law House Meerut</subfield>
    <subfield code="g">390.00</subfield>
    <subfield code="i">00002178/18-8/02/2019</subfield>
    <subfield code="l">2</subfield>
    <subfield code="p">04-B-6754</subfield>
    <subfield code="r">2021-08-04</subfield>
    <subfield code="s">2021-01-28</subfield>
    <subfield code="w">2019-02-15</subfield>
    <subfield code="y">02</subfield>
  </datafield>
  <datafield tag="952" ind1=" " ind2=" ">
    <subfield code="0">0</subfield>
    <subfield code="1">0</subfield>
    <subfield code="2">ddc</subfield>
    <subfield code="4">0</subfield>
    <subfield code="7">0</subfield>
    <subfield code="a">04</subfield>
    <subfield code="b">04</subfield>
    <subfield code="d">2019-02-15</subfield>
    <subfield code="e">Western Law House Meerut</subfield>
    <subfield code="g">390.00</subfield>
    <subfield code="i">00002178/18-8/02/2019</subfield>
    <subfield code="l">2</subfield>
    <subfield code="p">04-B-6755</subfield>
    <subfield code="r">2021-09-03</subfield>
    <subfield code="s">2021-01-29</subfield>
    <subfield code="w">2019-02-15</subfield>
    <subfield code="y">02</subfield>
  </datafield>
  <datafield tag="952" ind1=" " ind2=" ">
    <subfield code="0">0</subfield>
    <subfield code="1">0</subfield>
    <subfield code="2">ddc</subfield>
    <subfield code="4">0</subfield>
    <subfield code="7">0</subfield>
    <subfield code="a">04</subfield>
    <subfield code="b">04</subfield>
    <subfield code="d">2019-02-15</subfield>
    <subfield code="e">Western Law House Meerut</subfield>
    <subfield code="g">390.00</subfield>
    <subfield code="i">00002178/18-8/02/2019</subfield>
    <subfield code="l">3</subfield>
    <subfield code="p">04-B-6756</subfield>
    <subfield code="r">2024-06-27</subfield>
    <subfield code="s">2024-02-28</subfield>
    <subfield code="w">2019-02-15</subfield>
    <subfield code="y">02</subfield>
  </datafield>
  <datafield tag="952" ind1=" " ind2=" ">
    <subfield code="0">0</subfield>
    <subfield code="1">0</subfield>
    <subfield code="2">ddc</subfield>
    <subfield code="4">0</subfield>
    <subfield code="7">0</subfield>
    <subfield code="a">04</subfield>
    <subfield code="b">04</subfield>
    <subfield code="d">2019-02-15</subfield>
    <subfield code="e">Western Law House Meerut</subfield>
    <subfield code="g">390.00</subfield>
    <subfield code="i">00002178/18-8/02/2019</subfield>
    <subfield code="l">3</subfield>
    <subfield code="p">04-B-6757</subfield>
    <subfield code="r">2022-08-09</subfield>
    <subfield code="s">2022-05-11</subfield>
    <subfield code="w">2019-02-15</subfield>
    <subfield code="y">02</subfield>
  </datafield>
  <datafield tag="952" ind1=" " ind2=" ">
    <subfield code="0">0</subfield>
    <subfield code="1">0</subfield>
    <subfield code="2">ddc</subfield>
    <subfield code="4">0</subfield>
    <subfield code="7">0</subfield>
    <subfield code="a">04</subfield>
    <subfield code="b">04</subfield>
    <subfield code="d">2019-02-15</subfield>
    <subfield code="e">Western Law House Meerut</subfield>
    <subfield code="g">390.00</subfield>
    <subfield code="i">00002178/18-8/02/2019</subfield>
    <subfield code="l">3</subfield>
    <subfield code="p">04-B-6758</subfield>
    <subfield code="r">2025-06-24</subfield>
    <subfield code="s">2025-03-27</subfield>
    <subfield code="w">2019-02-15</subfield>
    <subfield code="y">02</subfield>
  </datafield>
  <datafield tag="952" ind1=" " ind2=" ">
    <subfield code="0">0</subfield>
    <subfield code="1">0</subfield>
    <subfield code="2">ddc</subfield>
    <subfield code="4">0</subfield>
    <subfield code="7">0</subfield>
    <subfield code="a">04</subfield>
    <subfield code="b">04</subfield>
    <subfield code="d">2019-02-15</subfield>
    <subfield code="e">Western Law House Meerut</subfield>
    <subfield code="g">390.00</subfield>
    <subfield code="i">00002178/18-8/02/2019</subfield>
    <subfield code="l">4</subfield>
    <subfield code="p">04-B-6759</subfield>
    <subfield code="r">2024-07-09</subfield>
    <subfield code="s">2024-02-19</subfield>
    <subfield code="w">2019-02-15</subfield>
    <subfield code="y">02</subfield>
  </datafield>
</record>
